00311nam a22000737a 4500008004100000040005500041245006100096260008000157230817b |||||||| |||| 00| 0 eng d aNational Science LibrarycNational Science Library aTechnical papers division of chemical technology (CSIRO) aAustralia: bCommonwealth Scientific and Industrial Research Organization,